| 000 | 01142nam a2200325Ia 4500 | ||
|---|---|---|---|
| 003 | CO-BoRNBP | ||
| 005 | 20240812164820.0 | ||
| 007 | ta | ||
| 008 | 180118s9999 xx 000 0 und d | ||
| 020 | _a9789585566002 | ||
| 040 |
_aCO-BoRNBP _bspa _erda _cCO-BoRNBP |
||
| 041 | _aspa | ||
| 084 | _aN BAC1 | ||
| 100 | 1 |
_aBach, Richard, 1936- _92063 |
|
| 245 | 0 |
_aJuan Salvador Gaviota / _c Richard Bach ; traducción Carol Howell y Frederick Howell. |
|
| 250 | _aPrimera edición | ||
| 264 | 1 |
_aBarcelona, España _bPenguin Random House _c2017 |
|
| 300 |
_a137 páginas : _b ilustraciones en blanco y negro ; _c 19 cm |
||
| 336 |
_atexto _btxt _2rdacontent |
||
| 337 |
_asin mediación _bn _2rdamedia |
||
| 338 |
_avolumen _bnc _2rdacarrier |
||
| 490 | _aB de bolsillo | ||
| 650 | 1 | 4 |
_aAutores Estadounidenses _2ARMARC _9718 |
| 650 | 1 | 4 |
_aFabulas Estadounidenses _2ARMARC _92064 |
| 650 | 1 | 4 |
_aLiteratura Juvenil Estadounidense _2ARMARC _92065 |
| 650 | 1 | 4 |
_aNovela Juvenil Estadounidense _2ARMARC _92066 |
| 650 | 1 | 4 |
_aVida - Novela _2ARMARC _92067 |
| 700 | 1 |
_aHowell, Carol, traductora \ Howell, Frederick, traductor _92068 |
|
| 942 |
_cBKLIT _2ddc |
||
| 999 |
_c9553 _d9553 |
||